000 00410nam a22001817a 4500
003 MPLRDC
005 20220104150153.0
008 210129b ||||| |||| 00| 0 eng d
082 _a857.7 FF-8
100 _a冯冯
245 _a冰崖
_c
250 _a初版
260 _a
_b皇冠出版社
_c1988
300 _b
490 _a皇冠丛书. 491
650 _a长篇小说
942 _cBK
_o857.7 FF-8
999 _c51727
_d51717